Sekiro: Shadows Die Twice Locations - Statistics

General Stats
  • This quiz has been taken 232 times
  • The average score is 8 of 12
Answer Stats
Hint Location % Correct
heavily guarded fortress built by Isshin Ashina Ashina Castle
98%
the monks here have been corrupted in their search for immortality Senpou Temple, Mt. Kongo
80%
guarded by Gyoubu the Demon with his horse Onikage Ashina Outskirts
79%
location containing a poison filled swap and a forest filled with mist Ashina Depths
78%
where Sekiro wakes up before attempting to save Kuro Ashina Reservoir
78%
ancient village located deep within Ashina Mibu Village
78%
origin of the rejuvenating waters and home of the Sakura Dragon Fountainhead Palace
74%
acts as a safe haven for The Sculptor and Sekiro Dilapidated Temple
69%
location filled with steep cliffs, contains the Gunfort Sunken Valley
68%
takes place in the year of the Dragonspring Pilgrimage, home of Kuro Hirata Estate
67%
dark and flooded caverns where unholy experiments are conducted Abandoned Dungeon
51%
home of the Great Serpent and Guardian Ape Sunken Valley Passage
22%
No matching quizzes found
Score Distribution
Percent of People with Each Score
Percentile by Number Answered
Your Score History
You have not taken this quiz